000 00721cab a22002295a 4500
001 L137095
008 070314e2007 xxk 000 0 eng d
035 _a(Sirsi) u137095
041 _aeng
100 _aRoss, Matt
245 0 4 _aThe top 100 regeneration projects
260 _c2007
490 _aRegeneration and Renewal
_v9 March 2007, 20-36(11)
520 _aListing of the UK's 100 most valuable physical regeneration schemes: £36 billion worth of ongoing projects from Lanarkshire to London.
590 _aKA
651 4 _aUnited Kingdom
_y
690 _aPROPERTY-PROPERTY MANAGEMENT-REGENERATION
700 1 _aWillis, Ben
700 1 _aGrewal, Herpreet Kaur
700 1 _aJefferys, Anna
942 _n0
999 _c78552
_d78552